[Event "Kelantan op"]
[Site "Kelantan"]
[Date "2019.02.07"]
[Round "2"]
[White "Sahadi, Ahmad Yusri"]
[Black "Nik, Ahmad Farouqi"]
[Result "0-1"]
[WhiteElo "1599"]
[BlackElo "2080"]
[PlyCount "98"]
[EventDate "2019.02.07"]
[EventType "swiss"]
[EventRounds "7"]
[EventCountry "MAS"]
[SourceTitle "CBM 189 Extra"]
[Source "ChessBase"]
[SourceDate "2019.06.03"]
[SourceVersion "1"]
[SourceVersionDate "2019.06.03"]
[SourceQuality "1"]

1. d4 d6 2. Nf3 Bg4 3. e3 e6 4. Be2 Nf6 5. Nbd2 Bxf3 6. Bxf3 d5 7. b3 Bd6 8. Bb2 0-0 9. 0-0 c6 10. Qe2 Nbd7 11. g3 e5 12. dxe5 Bxe5 13. Bxe5 Nxe5 14. c4 Re8 15. Rfd1 d4 16. exd4 Qxd4 17. Nf1 Qc3 18. Ne3 Rad8 19. Rac1 Qa5 20. Bg2 Neg4 21. Rxd8 Qxd8 22. Bf3 Nxe3 23. fxe3 Qe7 24. Kf2 h5 25. h4 Qe6 26. Rh1 Ng4+ 27. Bxg4 hxg4 28. Re1 Qf5+ 29. Kg2 Qe4+ 30. Kf2 Re6 31. Rf1 Rf6+ 32. Kg1 Rxf1+ 33. Qxf1 Qxe3+ 34. Qf2 Qe5 35. Kg2 c5 36. Qd2 Qe4+ 37. Kh2 f5 38. Qd8+ Kh7 39. Qd5 Qxd5 40. cxd5 Kg6 41. Kg2 Kf6 42. Kf2 Ke5 43. Ke3 b5 44. h5 c4 45. b4 Kxd5 46. Kf4 c3 47. Kxf5 c2 48. Kg6 c1Q 49. Kxg7 Qg5+ 0-1

[Event "Johor op 4th"]
[Site "Johor"]
[Date "2017.12.12"]
[Round "2"]
[White "Li, Bo"]
[Black "Nik, Ahmad Farouqi"]
[Result "1/2-1/2"]
[WhiteElo "2344"]
[BlackElo "2081"]
[PlyCount "134"]
[EventDate "2017.12.11"]
[EventType "swiss"]
[EventRounds "9"]
[EventCountry "MAS"]
[SourceTitle "CBM 182 Extra"]
[Source "ChessBase"]
[SourceDate "2018.02.23"]
[SourceVersion "1"]
[SourceVersionDate "2018.02.23"]
[SourceQuality "1"]

1. e4 e6 2. d4 d5 3. Nd2 c5 4. exd5 exd5 5. Ngf3 Nf6 6. dxc5 Bxc5 7. Nb3 Bb6 8. Bb5+ Bd7 9. Qe2+ Ne4 10. Be3 0-0 11. Bxd7 Nxd7 12. 0-0 Ndf6 13. a4 Re8 14. Bxb6 Qxb6 15. Qb5 Qc7 16. Nbd4 Rac8 17. Ra3 Re7 18. a5 Nd6 19. Qb4 Nc4 20. Raa1 Re4 21. a6 bxa6 22. Rxa6 Ng4 23. Rc6 Qd8 24. Rxc8 Qxc8 25. b3 Nb6 26. h3 Ne5 27. Nxe5 Rxe5 28. Ra1 Qe8 29. Nf3 Re7 30. Qc5 h6 31. Qd6 Re6 32. Qb4 Re7 33. Re1 Rxe1+ 34. Qxe1 Qxe1+ 35. Nxe1 a5 36. f3 a4 37. bxa4 Nxa4 38. Kf2 Kf8 39. Ke3 Ke7 40. Kd4 Kd6 41. Nd3 g5 42. Ne5 Ke6 43. Ng4 h5 44. Ne3 Nb6 45. g3 f6 46. f4 h4 47. f5+ Kd6 48. gxh4 gxh4 49. Ng2 Nc4 50. Nxh4 Na3 51. c3 Nb5+ 52. Kd3 Ke5 53. Nf3+ Kf4 54. Nd4 Nd6 55. Ne2+ Kf3 56. h4 Nxf5 57. Nd4+ Nxd4 58. Kxd4 Kg4 59. Kxd5 f5 60. c4 f4 61. c5 f3 62. c6 f2 63. c7 f1Q 64. c8Q+ Qf5+ 65. Qxf5+ Kxf5 66. h5 Kg5 67. h6 Kxh6 1/2-1/2

[Event "UTP Team-chT"]
[Site "Seri Iskandar"]
[Date "2017.09.24"]
[Round "5.1"]
[White "Lim, Zhuo Ren"]
[Black "Nik, Ahmad Farouqi"]
[Result "1-0"]
[WhiteElo "2038"]
[BlackElo "1998"]
[PlyCount "115"]
[EventDate "2017.09.23"]
[EventType "team-swiss"]
[EventRounds "7"]
[EventCountry "MAS"]
[SourceTitle "EXT 2019"]
[Source "ChessBase"]
[SourceDate "2018.10.10"]
[SourceVersion "1"]
[SourceVersionDate "2018.10.10"]
[SourceQuality "1"]

1. Nf3 d5 2. g3 Nc6 3. d4 Bf5 4. Bg2 Qd7 5. 0-0 Bh3 6. c4 Bxg2 7. Kxg2 e6 8. Nc3 dxc4 9. e3 Nf6 10. Qe2 Bb4 11. Qxc4 0-0 12. Bd2 Rfd8 13. Rfd1 Bxc3 14. Bxc3 Ne7 15. Ne5 Qd5+ 16. Qxd5 exd5 17. Bb4 Nf5 18. Rac1 c6 19. g4 Nd6 20. a4 h6 21. f3 Rac8 22. b3 Nh7 23. h4 f6 24. Nd3 Nf8 25. Nf4 Kf7 26. h5 Ne6 27. Ng6 Ng5 28. Nh4 Rd7 29. Rd3 Re8 30. Rc2 Rdd8 31. Rdc3 Re6 32. Bxd6 Rexd6 33. Nf5 R6d7 34. b4 a6 35. b5 axb5 36. axb5 cxb5 37. Rb3 g6 38. hxg6+ Kxg6 39. Rxb5 h5 40. Nh4+ Kh6 41. gxh5 Kxh5 42. Kg3 Rg8 43. Rh2 Ne6+ 44. Kf2 Rg5 45. Rb6 Rc7 46. Ng2+ Kg6 47. Rxe6 Rc2+ 48. Kf1 Kf7 49. Rb6 Rg3 50. Rxb7+ Kg8 51. Kg1 Rxf3 52. Ne1 Rc1 53. Re2 Rg3+ 54. Kf2 Rh3 55. Kg2 Rh7 56. Rxh7 Kxh7 57. Kf3 Kg6 58. Nd3 1-0

[Event "Penang op 8th"]
[Site "Penang"]
[Date "2016.12.09"]
[Round "7"]
[White "Johan, Muhammad"]
[Black "Nik, Ahmad Farouqi"]
[Result "1/2-1/2"]
[WhiteElo "2150"]
[BlackElo "2057"]
[PlyCount "61"]
[EventDate "2016.12.05"]
[EventType "swiss"]
[EventRounds "9"]
[EventCountry "MAS"]
[SourceTitle "CBM 176 Extra"]
[Source "ChessBase"]
[SourceDate "2017.03.02"]
[SourceVersion "1"]
[SourceVersionDate "2017.03.02"]
[SourceQuality "1"]

1. e4 c5 2. Nf3 e6 3. d4 cxd4 4. Nxd4 Nc6 5. Nc3 Qc7 6. Be3 a6 7. Bd3 Nf6 8. 0-0 Nxd4 9. Bxd4 Bc5 10. Be2 d6 11. Qd2 Bxd4 12. Qxd4 e5 13. Qe3 Be6 14. Rad1 0-0 15. Rd2 Rfd8 16. Rfd1 Qc6 17. h3 Rac8 18. Kh2 h6 19. f4 exf4 20. Qxf4 Qb6 21. e5 dxe5 22. Rxd8+ Rxd8 23. Rxd8+ Qxd8 24. Qxe5 Nd7 25. Qd6 Qf6 26. Bf3 b6 27. Kg1 Qg5 28. Kf2 Ne5 29. Qb8+ Kh7 30. Be4+ g6 31. Qxb6 1/2-1/2

[Event "Penang op 8th"]
[Site "Penang"]
[Date "2016.12.09"]
[Round "8"]
[White "Nik, Ahmad Farouqi"]
[Black "Chuah, Hao Feng"]
[Result "1-0"]
[WhiteElo "2057"]
[BlackElo "1857"]
[PlyCount "77"]
[EventDate "2016.12.05"]
[EventType "swiss"]
[EventRounds "9"]
[EventCountry "MAS"]
[SourceTitle "CBM 176 Extra"]
[Source "ChessBase"]
[SourceDate "2017.03.02"]
[SourceVersion "1"]
[SourceVersionDate "2017.03.02"]
[SourceQuality "1"]

1. e4 e5 2. Nf3 Nc6 3. Bb5 a6 4. Ba4 Nf6 5. d3 b5 6. Bb3 Be7 7. Nc3 d6 8. a3 0-0 9. 0-0 Na5 10. Ba2 c5 11. h3 Qc7 12. Nd5 Nxd5 13. exd5 c4 14. dxc4 Nxc4 15. b3 Nb6 16. Be3 Bf5 17. Rc1 Rab8 18. c4 bxc4 19. bxc4 Nd7 20. Rc3 Rb2 21. Qa1 Rfb8 22. Bc1 R2b7 23. Bg5 Bxg5 24. Nxg5 h6 25. Nf3 Rb2 26. Nh4 Bh7 27. g4 Qa5 28. Rfc1 Qc5 29. Rf3 Qd4 30. c5 Qd2 31. c6 Rxa2 32. Qxa2 Qxa2 33. cxd7 Rd8 34. Rc8 Qb1+ 35. Kh2 Qb6 36. Rb3 Qa5 37. Rbb8 Kf8 38. Rxd8+ Ke7 39. Rf8 1-0

[Event "Penang op 8th"]
[Site "Penang"]
[Date "2016.12.06"]
[Round "3"]
[White "Nolte, Rolando"]
[Black "Nik, Ahmad Farouqi"]
[Result "1-0"]
[WhiteElo "2419"]
[BlackElo "2057"]
[PlyCount "83"]
[EventDate "2016.12.05"]
[EventType "swiss"]
[EventRounds "9"]
[EventCountry "MAS"]
[SourceTitle "CBM 176 Extra"]
[Source "ChessBase"]
[SourceDate "2017.03.02"]
[SourceVersion "1"]
[SourceVersionDate "2017.03.02"]
[SourceQuality "1"]

1. e4 c5 2. Nf3 e6 3. Nc3 a6 4. d4 cxd4 5. Nxd4 Qc7 6. Bd3 b5 7. 0-0 Bb7 8. Re1 Bc5 9. Be3 Nf6 10. Ndxb5 axb5 11. Nxb5 Qc6 12. Bxc5 Qxc5 13. e5 Ne4 14. Rxe4 Bxe4 15. Nd6+ Ke7 16. Bxe4 Nc6 17. Qh5 Qxe5 18. Qxe5 Nxe5 19. Bxa8 Rxa8 20. Nb5 Nc4 21. b3 Na3 22. Nxa3 Rxa3 23. Kf1 h5 24. Ke2 d5 25. Kd3 Kd6 26. c4 Kc5 27. cxd5 exd5 28. Rc1+ Kb4 29. Rc2 Ra6 30. Kd4 Rg6 31. g3 Rd6 32. Rc7 Rf6 33. f4 h4 34. Kxd5 h3 35. Ke4 Rd6 36. Rxf7 Rd2 37. Rxg7 Rxa2 38. Rh7 Rxh2 39. Kf5 Rh1 40. g4 h2 41. g5 Kxb3 42. g6 1-0

[Event "Penang op 8th"]
[Site "Penang"]
[Date "2016.12.05"]
[Round "1"]
[White "Ho, Yi Amadeus"]
[Black "Nik, Ahmad Farouqi"]
[Result "0-1"]
[WhiteElo "1410"]
[BlackElo "2057"]
[PlyCount "74"]
[EventDate "2016.12.05"]
[EventType "swiss"]
[EventRounds "9"]
[EventCountry "MAS"]
[SourceTitle "CBM 176 Extra"]
[Source "ChessBase"]
[SourceDate "2017.03.02"]
[SourceVersion "1"]
[SourceVersionDate "2017.03.02"]
[SourceQuality "1"]

1. d4 d5 2. Nf3 Nf6 3. Bf4 c5 4. c3 Nc6 5. e3 Bg4 6. Be2 e6 7. Nbd2 Bxf3 8. Nxf3 Bd6 9. Bg5 Rc8 10. 0-0 Qc7 11. Bb5 Ne4 12. g3 Nxg5 13. Nxg5 h6 14. Nh3 0-0 15. f4 cxd4 16. exd4 Qb6 17. Qe2 e5 18. Bxc6 exd4 19. Qf2 Rxc6 20. cxd4 Rfc8 21. Rad1 Rc2 22. Rd2 Qxb2 23. Rfd1 Bb4 24. Rxc2 Rxc2 25. Qf3 Qxa2 26. Nf2 a5 27. Nd3 Qc4 28. Qe3 Bc3 29. Qe8+ Kh7 30. Qxf7 Qxd4+ 31. Kf1 Qe4 32. Nf2 Qe2+ 33. Kg2 Qxf2+ 34. Kh3 Qxh2+ 35. Kg4 h5+ 36. Kf5 Qh3+ 37. Kg5 Qg4# 0-1